Colección de Constituciones de los Estados Unidos Mexicanos : régimen constitucional 1824 /
Obra facsimilar en tres volúmenes, disponibles en biblioteca, que contiene tanto la Constitución federal de México como las Constituciones de sus diecinueve entidades federativas instituidas en ese entonces, las cuales fueron promulgadas entre noviembre de 1824 y marzo de 1827.
Gardado en:
| Autor Corporativo: | |
|---|---|
| Outros autores: | |
| Formato: | Libro |
| Idioma: | Lingua castelá |
| Publicado: |
México :
Congreso de la Unión, Cámara de Diputados, LIX Legislatura : Miguel Angel Porrúa,
2004, c2004
|
| Temas: | |
| Etiquetas: |
Sen Etiquetas, Sexa o primeiro en etiquetar este rexistro!
|
MARC
| LEADER | 00000nam^a2200000^a^4500 | ||
|---|---|---|---|
| 001 | 000177687 | ||
| 005 | 20250526000000.0 | ||
| 009 | 20260310101722.013 | ||
| 020 | |a 970-701-537-3 | ||
| 037 | |a Acervo ITESO - Biblioteca | ||
| 041 | |a ESP | ||
| 082 | |a 342. 72 |b MEX 1824 | ||
| 110 | |a México | ||
| 240 | 1 | 1 | |a [Constitución. 1824] |
| 245 | 1 | 0 | |a Colección de Constituciones de los Estados Unidos Mexicanos : |b régimen constitucional 1824 / |c Pról. de E. Chuayffet Chemor. |
| 264 | 4 | |a México : |b Congreso de la Unión, Cámara de Diputados, LIX Legislatura : |b Miguel Angel Porrúa, |c 2004, c2004 | |
| 300 | |a 3 v. (473, 469, 484 p.) ; |c 16.5 cm. | ||
| 336 | |a texto |b txt |2 rdacontenido | ||
| 337 | |a sin mediación |b n |2 rdamedio | ||
| 338 | |a volumen |b nc |2 rdasoporte | ||
| 520 | |a Obra facsimilar en tres volúmenes, disponibles en biblioteca, que contiene tanto la Constitución federal de México como las Constituciones de sus diecinueve entidades federativas instituidas en ese entonces, las cuales fueron promulgadas entre noviembre de 1824 y marzo de 1827. | ||
| 534 | |a Reproducción facsimilar de la edición original de 1829, publicada por Mariano Galván Rivera en México | ||
| 649 | |a XX | ||
| 650 | |a Constitución, 1824 - |z México - |x Tema Principal | ||
| 650 | |a Derecho Constitucional - |z México | ||
| 650 | |a Derecho Público - |z México | ||
| 650 | |a México - |x Historia Constitucional | ||
| 700 | |a Chuayffet Chemor, Emilio |e (prólogo) | ||
| 910 | |a Fondo General | ||
| 920 | |a Impresos - Libros | ||
| 930 | |a Libros Antiguos y Raros | ||
| 905 | |a 108 | ||
| 901 | |a 0500116531 |b IT2 |c LRA |u 20250526 | ||
| 901 | |a 0500116534 |b IT2 |c LRA |u 20250526 | ||
| 901 | |a 0500116537 |b IT2 |c LRA |u 20250526 | ||
| 902 | |a https://opac.biblio.iteso.mx/vufind/Record/000177687 | ||